000 00342nam a2200121Ia 4500
005 20260326235447.0
008 260326s9999||||xx |||||||||||||| ||und||
100 _aAlva Martínez, Ernesto
245 0 _aTercera Bienal de Arquitectura Mexicana /
_cErnesto Alva Martínez
260 _bLitoprocess
650 _aARQUITECTURA REGIONAL
942 _cBK
999 _c7621
_d7621